000 00650nam a2200265Ia 4500
005 20260121161417.0
008 008 260114s9999 xx 000 0 eng d
020 _a9781351314367
037 _aEBOOK
040 _aCRL
040 _beng
040 _cCRL
041 _2eng
041 _aeng
084 _qCRL
100 _aBehavioralism in Political Science
_91044344
245 0 _aRichard J. Gelles
260 _bTaylor and Francis
260 _c1969
650 _aIntroductory Politics
_91044345
856 _uhttp://www.taylorfrancis.com/books/9781351314367
942 _cEBOOK
999 _c1610579
_d1610579